00783cam a2200181 a 450000100100000000500170001000800410002704000250006804100130009308200160010624501590012224600300028126000990031130000240041050000250043471000940045971000480055300000717620200929154104.0820225s1965 dcua bc i000 0cspa  aDO-SdBNPbspacBNPHU17aspaheng annnbC737 a00aCompositores de América :bdatos biográficos y catálogos de sus obras = Composers of the Américas : biographical data and catalogs of their works.31aComposers of the Americas aWashington, D.C. :bSecretaría General ;bOrganización de los Estados Américanos,c1965. av. :bil. ;c28 cm. aReimpresión, 1978.1 aUnión Panamericana. Secretaría General de la Organización de los Estados Americanos1 aUnión Panamericana. Sección de Música